[Event "Mittelfranken-chTB2a 1617"]
[Site "Mittelfranken"]
[Date "2016.11.13"]
[Round "2.7"]
[White "Grund, Christian"]
[Black "Hofmann, Thomas"]
[Result "0-1"]
[WhiteElo "1545"]
[BlackElo "1535"]
[PlyCount "84"]
[EventDate "2016.10.23"]
[EventType "team-tourn"]
[EventRounds "9"]
[EventCountry "GER"]
[SourceTitle "EXT 2022"]
[Source "ChessBase"]
[SourceDate "2021.10.06"]
[SourceVersion "1"]
[SourceVersionDate "2021.10.06"]
[SourceQuality "1"]
[WhiteTeam "Cadolzburg"]
[BlackTeam "Dombuehl"]
[WhiteTeamCountry "GER"]
[BlackTeamCountry "GER"]

1. e4 e5 2. Nf3 Nf6 3. Bc4 Nxe4 4. d3 Nf6 5. Nxe5 d5 6. Bb3 Be7 7. 0-0 0-0 8. h3 c5 9. Re1 Be6 10. c3 Nbd7 11. Nf3 b5 12. d4 c4 13. Bc2 Re8 14. Ng5 Nf8 15. Nxe6 Nxe6 16. Bf5 Nf8 17. Nd2 b4 18. Nf3 bxc3 19. bxc3 Qa5 20. Qc2 N8d7 21. Bxd7 Nxd7 22. Qf5 Nf8 23. Bd2 Bf6 24. Qc2 Ng6 25. Rxe8+ Rxe8 26. Rb1 Qc7 27. Qf5 Ne7 28. Re1 Qd8 29. Qc2 Nc8 30. Qa4 Rxe1+ 31. Bxe1 Qe7 32. Qc6 Nd6 33. Qxd5 g6 34. Ne5 Bxe5 35. dxe5 Nf5 36. g4 Ng7 37. f4 Ne6 38. Qxc4 Qb7 39. Qb4 Qf3 40. Qb2 Nxf4 41. Qf2 Nxh3+ 42. Kf1 Nxf2 0-1

[Event "Mittelfranken-chTB2a 1415"]
[Site "Mittelfranken"]
[Date "2015.01.25"]
[Round "5.8"]
[White "Halamicek, Robin"]
[Black "Grund, Christian"]
[Result "1/2-1/2"]
[WhiteElo "1700"]
[BlackElo "1577"]
[PlyCount "38"]
[EventDate "2014.09.28"]
[EventType "team-tourn"]
[EventRounds "9"]
[EventCountry "GER"]
[SourceTitle "EXT 2020"]
[Source "ChessBase"]
[SourceDate "2019.10.17"]
[SourceVersion "1"]
[SourceVersionDate "2019.10.17"]
[SourceQuality "1"]
[WhiteTeam "Nuernberg NT V"]
[BlackTeam "Cadolzburg"]
[WhiteTeamCountry "GER"]
[BlackTeamCountry "GER"]

1. e4 e5 2. Nf3 Nc6 3. Bb5 d6 4. 0-0 Bd7 5. c3 Nf6 6. Re1 a6 7. Ba4 b5 8. Bc2 Bg4 9. h3 Bh5 10. a3 Be7 11. g4 Bg6 12. d4 Qc8 13. Nh2 h5 14. f3 hxg4 15. hxg4 Qd7 16. Kg2 Bd8 17. d5 Na7 18. Nd2 Qe7 19. Rh1 Nd7 1/2-1/2